Départements qui ont le plus voté Jean-Marie Le Pen en 2002. - Statistiques

Statistiques générales
  • Ce quiz a été pris 42 fois
  • Le résultat moyen est 15 sur 25
Statistiques - réponses
Hint Réponse % Correct
23,38 Bas-Rhin
76%
22,41 Bouches du Rhône
74%
23,53 Haut-Rhin
74%
21,22 Aisne
71%
25,99 Alpes-Maritimes
71%
23,54 Var
71%
23,67 Moselle
68%
25,80 Vaucluse
68%
22,92 Ardennes
63%
21,67 Loire
63%
20,93 Vosges
63%
21,72 Aube
61%
22,42 Haute-Marne
61%
20,35 Meuse
58%
22,98 Hérault
55%
22,76 Oise
55%
20,96 Yonne
53%
20,79 Haute-Savoie
50%
22,46 Territoire de Belfort
50%
20,80 Drôme
47%
24,85 Gard
47%
22,31 Haute-Saône
47%
20,94 Pyrénées-Orientales
47%
21,86 Ain
42%
20,12 Tarn et Garonne
37%
Aucun quiz correspondant
Distribution des résultats
% des personnes avec chaque résultat
Percentile par nombre de réponses
Votre historique - résultats
Vous n’avez pas pris ce quiz